[Event "X European Club Cup Gruppo 5"]
[Site "Asiago ITA"]
[Date "1994.08.28"]
[Round "1.4"]
[White "Guimaraes, Jorge"]
[Black "Flear, Glenn Curtis"]
[Result "0-1"]
[WhiteElo "2330"]
[BlackElo "2505"]
[PlyCount "60"]
[EventDate "1994.08.28"]

1. Nf3 d5 2. d4 Nf6 3. c4 e6 4. Nc3 c6 5. cxd5 exd5 6. Bg5 Be7 7. e3 Bf5 8.
Bxf6 Bxf6 9. Bd3 Bxd3 10. Qxd3 O-O 11. O-O a5 12. a3 Na6 13. Rab1 Be7 14. Rfe1
Re8 15. e4 dxe4 16. Rxe4 Nc5 17. Qc4 Nxe4 18. Nxe4 Rc8 19. Ne5 Qd5 20. Nc3 Qxc4
21. Nxc4 a4 22. Nb6 Rcd8 23. d5 cxd5 24. Nbxd5 Bc5 25. Kf1 Bd4 26. Nc7 Bxc3 27.
bxc3 Re7 28. Nb5 Rd2 29. Nd4 Ra2 30. Rd1 g6 0-1

[Event "X European Club Cup Gruppo 5"]
[Site "Asiago ITA"]
[Date "1994.08.28"]
[Round "1.5"]
[White "Apicella, Manuel"]
[Black "Ferreira, Antonio"]
[Result "1-0"]
[WhiteElo "2465"]
[BlackElo "2320"]
[PlyCount "77"]
[EventDate "1994.08.28"]

1. e4 d5 2. exd5 Nf6 3. d4 Bg4 4. Nf3 Qxd5 5. Nc3 Qh5 6. Bf4 Bxf3 7. Qxf3 Qxf3
8. gxf3 c6 9. Ne4 Nbd7 10. O-O-O e6 11. c4 Be7 12. Rg1 O-O 13. Bd3 Kh8 14. Rg2
Rad8 15. Kc2 Nh5 16. Be3 Ndf6 17. Rdg1 Rd7 18. Rg5 Nxe4 19. Rxh5 Nf6 20. Ra5 b6
21. Ra6 Rfd8 22. Be2 Ne8 23. Rd1 Rb7 24. a3 Bf6 25. b4 Nd6 26. Bd3 Rbd7 27. c5
Nc8 28. Be4 Rc7 29. Bf4 Rcd7 30. Be3 Rc7 31. Bf4 Rcd7 32. Bxc6 Rxd4 33. Rxd4
Bxd4 34. Be3 bxc5 35. bxc5 e5 36. Bb7 Ne7 37. Rd6 Rf8 38. Bxd4 exd4 39. c6 1-0

[Event "X European Club Cup Gruppo 5"]
[Site "Asiago ITA"]
[Date "1994.08.28"]
[Round "1.6"]
[White "Ribeiro, Fernando"]
[Black "Lamoureux, Charles"]
[Result "1/2-1/2"]
[WhiteElo "2200"]
[BlackElo "2420"]
[PlyCount "123"]
[EventDate "1994.08.28"]

1. e4 e6 2. d4 d5 3. exd5 exd5 4. Qf3 Bd6 5. Bd3 Nc6 6. c3 Nge7 7. Ne2 Be6 8.
Bf4 Qd7 9. Bxd6 Qxd6 10. Nd2 h5 11. Qg3 O-O-O 12. Qxd6 Rxd6 13. h4 Bf5 14.
Bxf5+ Nxf5 15. O-O-O Nce7 16. Nf4 Ng6 17. Nxg6 Rxg6 18. g3 Re8 19. Rde1 Rge6
20. Kd1 Kd8 21. Rxe6 Rxe6 22. Re1 Ke7 23. Rxe6+ Kxe6 24. Ke2 f6 25. Kf3 Nd6 26.
Kf4 g6 27. a4 Nf7 28. Nf3 Nd6 29. Nd2 Nf7 30. Nf3 b6 31. b3 Nd6 32. Nd2 Nf7 33.
Nf3 Nd6 34. Nd2 Nb7 35. f3 Nd6 36. g4 a6 37. c4 a5 38. c5 bxc5 39. dxc5 Nb7 40.
b4 axb4 41. Nb3 Nd8 42. gxh5 gxh5 43. a5 Nc6 44. a6 Na7 45. Nd4+ Ke7 46. Ke3
Kd7 47. Kd3 c6 48. Kc2 Kc7 49. Kb3 Nb5 50. Nf5 Kb8 51. Kxb4 Ka7 52. f4 Nc7 53.
Ng3 Nxa6+ 54. Kc3 Nxc5 55. Nxh5 Nd7 56. Ng7 Nf8 57. Kd4 Kb6 58. f5 Nh7 59. Ne6
Kb5 60. Nc7+ Kb4 61. Ne6 Kb5 62. Nc7+ 1/2-1/2

[Event "X European Club Cup Gruppo 5"]
[Site "Asiago ITA"]
[Date "1994.08.28"]
[Round "1.3"]
[White "Manca, Federico"]
[Black "Bleiman, Yaacov"]
[Result "0-1"]
[WhiteElo "2375"]
[BlackElo "2430"]
[PlyCount "78"]
[EventDate "1994.08.28"]

1. e4 c5 2. c3 d5 3. exd5 Qxd5 4. d4 Nf6 5. Nf3 Nc6 6. Be3 cxd4 7. cxd4 e6 8.
Nc3 Qa5 9. Bd3 Nb4 10. Bb5+ Bd7 11. Bxd7+ Nxd7 12. O-O Be7 13. Qb3 Nb6 14. Ne4
Qd5 15. Nc5 Qxb3 16. axb3 Bxc5 17. dxc5 N6d5 18. Nd4 Ke7 19. Ra4 Rhc8 20. Nb5
Nxe3 21. fxe3 a5 22. Nd6 Rxc5 23. Nxb7 Re5 24. Nxa5 Raxa5 25. Rxb4 f5 26. Re1
Rab5 27. Rxb5 Rxb5 28. e4 f4 29. e5 Rxb3 30. Re4 g5 31. Ra4 Kf7 32. h4 Kg6 33.
hxg5 Kxg5 34. Ra7 h5 35. Rg7+ Kf5 36. Rh7 Kxe5 37. Rxh5+ Ke4 38. Rh4 e5 39. g3
Rxg3+ 0-1

[Event "X European Club Cup Gruppo 5"]
[Site "Asiago ITA"]
[Date "1994.08.28"]
[Round "1.4"]
[White "Kraidman, Yair"]
[Black "Borgo, Giulio"]
[Result "1-0"]
[WhiteElo "2370"]
[BlackElo "2320"]
[PlyCount "157"]
[EventDate "1994.08.28"]

1. d4 Nf6 2. c4 c5 3. d5 b5 4. cxb5 a6 5. bxa6 g6 6. Nc3 Bxa6 7. g3 d6 8. Bg2
Bg7 9. Nf3 Nbd7 10. O-O Nb6 11. Re1 O-O 12. Nd2 Ra7 13. h3 Qa8 14. e4 Nfd7 15.
f4 Bb7 16. Qc2 Na4 17. Nc4 Nxc3 18. bxc3 Ra4 19. Bf1 f5 20. exf5 Bxd5 21. Nb2
Re4 22. Bd2 gxf5 23. Bd3 Nf6 24. Be3 Rb8 25. Nd1 e6 26. c4 Bc6 27. Nf2 Qa3 28.
Rab1 Ra8 29. Rb6 Qa5 30. Rbb1 Rc8 31. Nxe4 Nxe4 32. Bf2 Ba4 33. Qe2 Bc6 34.
Bxe4 Bxe4 35. Rbd1 d5 36. Qh5 Qa6 37. cxd5 exd5 38. Rxe4 dxe4 39. Qxf5 Re8 40.
Qd7 Rf8 41. Bxc5 Qe2 42. Qg4 Qxg4 43. hxg4 Rc8 44. Be3 Ra8 45. Rd2 Ra3 46. Kf2
Bc3 47. Re2 Kf7 48. Bc1 Bd4+ 49. Kg2 Rc3 50. Bb2 Rd3 51. Bxd4 Rxd4 52. Kf2 h6
53. Ke3 Rd3+ 54. Kxe4 Rxg3 55. Kf5 Ra3 56. g5 hxg5 57. Kxg5 Rg3+ 58. Kf5 Ra3
59. Rf2 Ra5+ 60. Ke4 Ke6 61. Kd4 Kf5 62. Kc4 Ra8 63. Kb5 Rb8+ 64. Kc6 Ra8 65.
Kb6 Rb8+ 66. Ka7 Rb1 67. Ka6 Rb8 68. a4 Ra8+ 69. Kb5 Rb8+ 70. Kc6 Ra8 71. Ra2
Kxf4 72. a5 Rc8+ 73. Kb7 Rc1 74. a6 Rb1+ 75. Kc7 Rc1+ 76. Kd7 Rd1+ 77. Ke7 Re1+
78. Kf7 Rc1 79. a7 1-0

[Event "X European Club Cup Gruppo 5"]
[Site "Asiago ITA"]
[Date "1994.08.28"]
[Round "1.5"]
[White "Rossi, Carlo"]
[Black "Carmel, Ephraim"]
[Result "1-0"]
[WhiteElo "2330"]
[BlackElo "2280"]
[PlyCount "85"]
[EventDate "1994.08.28"]

1. e4 e5 2. Nf3 Nc6 3. Be2 Nf6 4. d3 Bc5 5. O-O d6 6. c3 Qe7 7. b4 Bb6 8. Nbd2
a6 9. Nc4 Ba7 10. Bg5 h6 11. Bh4 Be6 12. d4 g5 13. Bg3 g4 14. Nh4 exd4 15. e5
Ne4 16. exd6 cxd6 17. cxd4 Bxd4 18. Rc1 d5 19. Nd6+ Nxd6 20. Rxc6 bxc6 21. Qxd4
Rg8 22. Qc5 Kd7 23. Rc1 Rgc8 24. Qb6 Rab8 25. Qc5 Ra8 26. Qb6 Qg5 27. Rd1 Nb5
28. f4 Qd8 29. Qc5 Qe7 30. f5 Qxc5+ 31. bxc5 Nc3 32. fxe6+ fxe6 33. Re1 Rg8 34.
Bd3 Nxa2 35. Rb1 a5 36. Rb7+ Kd8 37. Ng6 Nb4 38. Ne5 Rg5 39. Nf7+ Ke8 40. Nxg5
hxg5 41. Bg6+ Kd8 42. Bd6 Ra6 43. Rb8+ 1-0

[Event "X European Club Cup Gruppo 5"]
[Site "Asiago ITA"]
[Date "1994.08.28"]
[Round "1.6"]
[White "Malachi, Avraham"]
[Black "Micheli, Carlo"]
[Result "1/2-1/2"]
[WhiteElo "2240"]
[BlackElo "2300"]
[PlyCount "44"]
[EventDate "1994.08.28"]

1. e4 c6 2. d4 g6 3. Nc3 d5 4. Nf3 Bg7 5. h3 Nh6 6. g4 f6 7. Bd3 Nf7 8. Qe2 O-O
9. Bd2 Na6 10. a3 Nc7 11. exd5 cxd5 12. g5 e5 13. gxf6 exd4 14. fxg7 Re8 15.
Be3 dxe3 16. fxe3 Qe7 17. Kd2 Nd6 18. Rae1 Bf5 19. Nd4 Be4 20. Bxe4 Nxe4+ 21.
Nxe4 Qxe4 22. h4 Rac8 1/2-1/2

[Event "X European Club Cup Gruppo 5"]
[Site "Asiago ITA"]
[Date "1994.08.29"]
[Round "2.1"]
[White "Burkart, Patrick"]
[Black "Dolmatov, Sergey"]
[Result "1/2-1/2"]
[WhiteElo "2330"]
[BlackElo "2615"]
[PlyCount "55"]
[EventDate "1994.08.28"]

1. d4 Nf6 2. Nf3 g6 3. c4 Bg7 4. Nc3 O-O 5. Bf4 d6 6. e3 b6 7. Be2 Bb7 8. O-O
Nbd7 9. h3 Re8 10. Bh2 e5 11. Qc2 Qe7 12. Rfd1 e4 13. Nd2 Nf8 14. b4 g5 15.
Rac1 Ng6 16. c5 Red8 17. c6 Bxc6 18. Nb5 Bb7 19. Qxc7 Rd7 20. Qc2 a6 21. Nc3 d5
22. Qb3 Qe6 23. b5 a5 24. Na4 Re7 25. Bc7 Nd7 26. Rc2 f5 27. Rdc1 Rc8 28. Qa3
1/2-1/2

[Event "X European Club Cup Gruppo 5"]
[Site "Asiago ITA"]
[Date "1994.08.29"]
[Round "2.3"]
[White "Monaville, Guy"]
[Black "Pigusov, Evgeny A."]
[Result "0-1"]
[WhiteElo "2215"]
[BlackElo "2575"]
[PlyCount "88"]
[EventDate "1994.08.28"]

1. e4 c5 2. Nc3 Nc6 3. f4 g6 4. Nf3 Bg7 5. Bc4 e6 6. d3 Nge7 7. f5 d5 8. Bb5
dxe4 9. f6 Bxf6 10. Nxe4 Bg7 11. Bg5 Qc7 12. Bf6 O-O 13. Bxc6 Nxc6 14. Qd2 Qa5
15. Qxa5 Nxa5 16. Bxg7 Kxg7 17. Nxc5 b6 18. Ne4 Bb7 19. O-O-O Rfd8 20. Rhe1
Rac8 21. Rd2 h6 22. Rf2 Rd5 23. g3 Rc7 24. Nc3 Rf5 25. Ref1 Nc6 26. Nd2 Rxf2
27. Rxf2 Rd7 28. Nb3 f5 29. Kd1 Ne5 30. Ke1 g5 31. Nd2 h5 32. h3 Ng6 33. Nf3
Kf6 34. Nd2 h4 35. gxh4 Nxh4 36. Nce4+ Kg6 37. Ng3 Ng2+ 38. Kd1 Rh7 39. Nc4
Rxh3 40. Ne2 Kf6 41. Nd6 Bf3 42. Kd2 Nh4 43. Ng1 Rg3 44. Nxf3 Nxf3+ 0-1

[Event "X European Club Cup Gruppo 5"]
[Site "Asiago ITA"]
[Date "1994.08.29"]
[Round "2.6"]
[White "Makarov, Marat"]
[Black "Huberty, Marc"]
[Result "1-0"]
[WhiteElo "2525"]
[BlackElo "2120"]
[PlyCount "57"]
[EventDate "1994.08.28"]

1. Nf3 Nf6 2. c4 g6 3. d4 Bg7 4. g3 O-O 5. Bg2 d6 6. O-O Nbd7 7. Nc3 e5 8. e4
Re8 9. h3 c6 10. Be3 exd4 11. Nxd4 Nc5 12. f3 Nh5 13. g4 Ng3 14. Re1 h5 15. Qd2
Qe7 16. Bf2 h4 17. Rad1 Ne6 18. f4 Qf6 19. Nxe6 Bxe6 20. Bd4 Qxd4+ 21. Qxd4
Bxd4+ 22. Rxd4 c5 23. Rxd6 Bxc4 24. e5 Re7 25. Kf2 Rb8 26. Bd5 Bxd5 27. Nxd5
Re6 28. Rxe6 fxe6 29. Nf6+ 1-0

[Event "X European Club Cup Gruppo 5"]
[Site "Asiago ITA"]
[Date "1994.08.29"]
[Round "2.1"]
[White "Renet, Olivier"]
[Black "Godena, Michele"]
[Result "1-0"]
[WhiteElo "2530"]
[BlackElo "2485"]
[PlyCount "63"]
[EventDate "1994.08.28"]

1. e4 e5 2. Nf3 Nc6 3. Bb5 Bc5 4. c3 Nf6 5. d4 Bb6 6. Nxe5 Nxe5 7. dxe5 Nxe4 8.
Qg4 Bxf2+ 9. Kd1 Qh4 10. Qxg7 Rf8 11. Nd2 Bc5 12. Nxe4 Qxe4 13. Re1 Qg6 14. Qf6
Be7 15. Qf3 a6 16. Bd3 Qg7 17. Kc2 Rb8 18. Bf4 b5 19. g3 Rb6 20. Rad1 Bb7 21.
Qh5 Bd5 22. Rd2 Rh8 23. Bf5 Be6 24. Bxe6 Rxe6 25. Qd1 Qg6+ 26. Kc1 d6 27. exd6
Rxe1 28. d7+ Kd8 29. Qxe1 Qe6 30. Qh1 c6 31. Qg1 c5 32. Qh1 1-0

[Event "X European Club Cup Gruppo 5"]
[Site "Asiago ITA"]
[Date "1994.08.29"]
[Round "2.2"]
[White "Belotti, Bruno"]
[Black "Conquest, Stuart C."]
[Result "1/2-1/2"]
[WhiteElo "2455"]
[BlackElo "2505"]
[PlyCount "84"]
[EventDate "1994.08.28"]

1. Nf3 d5 2. g3 Bg4 3. Bg2 Nd7 4. d3 c6 5. Nbd2 e6 6. O-O Bd6 7. e4 Ne7 8. h3
Bh5 9. Qe1 h6 10. b3 O-O 11. Bb2 a5 12. e5 Bc7 13. a3 Qb8 14. g4 Bg6 15. Qe2
Bh7 16. Rae1 Ng6 17. Qe3 Bb6 18. d4 f6 19. exf6 Rxf6 20. Qe2 Qa7 21. Qd1 Nf4
22. Re3 Raf8 23. c4 R6f7 24. c5 Bc7 25. b4 Qa6 26. Bc3 Bd3 27. Rfe1 Nxg2 28.
Kxg2 Nf6 29. Nb3 Be4 30. Nbd2 Bf4 31. Nxe4 dxe4 32. Rxe4 Nxe4 33. Rxe4 Bg5 34.
Ne5 Rxf2+ 35. Kg3 Rf1 36. Qe2 Bf4+ 37. Kg2 Bxe5 38. Rxe5 R1f2+ 39. Qxf2 Rxf2+
40. Kxf2 Qc4 41. Re3 a4 42. Bb2 e5 1/2-1/2

[Event "X European Club Cup Gruppo 5"]
[Site "Asiago ITA"]
[Date "1994.08.29"]
[Round "2.3"]
[White "Prie, Eric"]
[Black "Manca, Federico"]
[Result "1/2-1/2"]
[WhiteElo "2475"]
[BlackElo "2375"]
[PlyCount "67"]
[EventDate "1994.08.28"]

1. e4 d6 2. d4 Nf6 3. Nc3 g6 4. f4 Bg7 5. Nf3 O-O 6. Bd3 Na6 7. O-O c5 8. d5
Rb8 9. e5 Ng4 10. h3 Nh6 11. Bxa6 bxa6 12. g4 Qd7 13. Qe1 Rb4 14. a3 Rd4 15.
Be3 dxe5 16. fxe5 Nxg4 17. hxg4 Rxg4+ 18. Kf2 Qf5 19. Ke2 Qxc2+ 20. Qd2 Qb3 21.
Rg1 h5 22. Kf2 Rd8 23. Bxc5 e6 24. d6 Bb7 25. Bd4 Bxf3 26. Kxf3 Rxd6 27. exd6
Rxd4 28. Qe2 Qb7+ 29. Kg3 Bf6 30. Rad1 Rg4+ 31. Kh3 Rh4+ 32. Kg3 Rg4+ 33. Kh3
Rh4+ 34. Kg3 1/2-1/2

[Event "X European Club Cup Gruppo 5"]
[Site "Asiago ITA"]
[Date "1994.08.29"]
[Round "2.4"]
[White "Borgo, Giulio"]
[Black "Flear, Glenn Curtis"]
[Result "1/2-1/2"]
[WhiteElo "2320"]
[BlackElo "2505"]
[PlyCount "138"]
[EventDate "1994.08.28"]

1. e4 e5 2. Nf3 Nc6 3. Bb5 a6 4. Ba4 Nf6 5. O-O Nxe4 6. d4 b5 7. Nxe5 Nxe5 8.
dxe5 d5 9. exd6 Bxd6 10. Bb3 Bb7 11. Nd2 Nc5 12. Re1+ Kf8 13. Qh5 Qd7 14. Nf3
Nxb3 15. axb3 Qc6 16. Qf5 h5 17. Bg5 Kg8 18. Rad1 Rf8 19. Nh4 Rh7 20. c3 g6 21.
Qf6 Rg7 22. Kh1 Re8 23. b4 Bf8 24. Qxc6 Rxe1+ 25. Rxe1 Bxc6 26. Bf6 Rh7 27. Rd1
Bd6 28. Nf3 h4 29. Ng5 Rh5 30. h3 Kf8 31. b3 Be7 32. Bxe7+ Kxe7 33. f4 Rh8 34.
Kg1 Kf6 35. Kf2 Re8 36. Nf3 Re4 37. Rd4 Rxd4 38. Nxd4 Bd5 39. g3 g5 40. fxg5+
Kxg5 41. Nf3+ Kf5 42. Nxh4+ Ke4 43. Ng2 Bxb3 44. Nf4 Bc2 45. Ke2 Bb1 46. h4 c6
47. Nh3 f6 48. Nf2+ Kd5 49. Ng4 Ke6 50. Ke3 Bf5 51. Nf2 c5 52. Ne4 cxb4 53.
cxb4 Ke5 54. Nc5 Bc8 55. h5 Kf5 56. Ne4 Be6 57. g4+ Ke5 58. h6 Bg8 59. Nc5 f5
60. gxf5 Kxf5 61. Nxa6 Kg6 62. Kd4 Kxh6 63. Kc5 Bc4 64. Nc7 Kg6 65. Nxb5 Bf1
66. Nd6 Kf6 67. Nc4 Ke6 68. b5 Bxc4 69. Kxc4 Kd6 1/2-1/2

[Event "X European Club Cup Gruppo 5"]
[Site "Asiago ITA"]
[Date "1994.08.29"]
[Round "2.5"]
[White "Apicella, Manuel"]
[Black "Rossi, Carlo"]
[Result "1-0"]
[WhiteElo "2465"]
[BlackElo "2330"]
[PlyCount "119"]
[EventDate "1994.08.28"]

1. e4 Nc6 2. d4 d5 3. Nc3 e5 4. dxe5 d4 5. Nd5 f5 6. exf6 Nxf6 7. Bb5 a6 8.
Bxc6+ bxc6 9. Nxf6+ Qxf6 10. Ne2 Bb4+ 11. Bd2 O-O 12. O-O Bc5 13. Nf4 Bd6 14.
Nd3 Qg6 15. Qe2 c5 16. b3 Bb7 17. Rae1 Rae8 18. Nxc5 d3 19. cxd3 Bxc5 20. Kh1
Bd4 21. f4 c5 22. f5 Qc6 23. Qg4 a5 24. Rf3 Rf7 25. Rh3 a4 26. Qh4 h6 27. Rf1
axb3 28. axb3 Qa6 29. Rhf3 Rf6 30. h3 Qa2 31. Be3 Qxb3 32. Bxd4 cxd4 33. Rg3
Kf8 34. Qf4 Qb5 35. Rc1 g5 36. Qf2 Qe5 37. Rc4 Rd8 38. h4 gxh4 39. Rg6 Ra8 40.
Rxf6+ Qxf6 41. Qxd4 Qxd4 42. Rxd4 Ke7 43. Kh2 Rg8 44. Ra4 Kf6 45. Rb4 Ba8 46.
Rb6+ Kg5 47. Rd6 h5 48. Kh3 Kf4 49. Kxh4 Rxg2 50. Kxh5 Bxe4 51. dxe4 Kxe4 52.
Rg6 Rf2 53. f6 Kf5 54. Kh6 Ke6 55. Kg7 Rf1 56. Rg2 Rf3 57. Re2+ Kd7 58. f7 Rg3+
59. Kf8 Ra3 60. Rg2 1-0

[Event "X European Club Cup Gruppo 5"]
[Site "Asiago ITA"]
[Date "1994.08.29"]
[Round "2.6"]
[White "Micheli, Carlo"]
[Black "Lamoureux, Charles"]
[Result "1/2-1/2"]
[WhiteElo "2300"]
[BlackElo "2420"]
[PlyCount "115"]
[EventDate "1994.08.28"]

1. e4 e6 2. d4 d5 3. Nc3 Bb4 4. e5 Ne7 5. h4 c5 6. a3 Bxc3+ 7. bxc3 Qa5 8. Bd2
cxd4 9. cxd4 Qa4 10. Nf3 Nbc6 11. Bc3 b6 12. h5 h6 13. Rh4 Ba6 14. Bxa6 Qxa6
15. a4 Rc8 16. Qd2 Na5 17. Bxa5 Qxa5 18. Qxa5 bxa5 19. Kd2 O-O 20. Kd3 Rb8 21.
Nd2 Rb2 22. Rhh1 Rc8 23. c3 Rcb8 24. Rhc1 Kf8 25. Rc2 Ke8 26. Ra2 R2b7 27. Rc1
Kd7 28. Kc2 f6 29. exf6 gxf6 30. Rb1 Rxb1 31. Nxb1 Rg8 32. g3 Rg5 33. Rb2 Kc7
34. Nd2 Rxh5 35. Nb3 Rh2 36. Kd3 Nc6 37. Nc5 e5 38. Rb7+ Kc8 39. Ke3 Rh1 40.
Rf7 exd4+ 41. cxd4 Re1+ 42. Kd2 Ra1 43. Ne6 Nb4 44. Rxf6 Rxa4 45. Rxh6 Ra2+ 46.
Ke3 a4 47. Rh7 a3 48. g4 Rb2 49. g5 Rb1 50. Rxa7 a2 51. Kf4 a1=Q 52. Rxa1 Rxa1
53. g6 Ra7 54. g7 Nd3+ 55. Kf5 Rxg7 56. Nxg7 Nxf2 57. Ke5 Kd7 58. Kxd5 1/2-1/2

[Event "X European Club Cup Gruppo 5"]
[Site "Asiago ITA"]
[Date "1994.08.29"]
[Round "2.1"]
[White "Novikov, Igor A."]
[Black "Rechlis, Gad"]
[Result "1-0"]
[WhiteElo "2570"]
[BlackElo "2510"]
[PlyCount "87"]
[EventDate "1994.08.28"]

1. d4 Nf6 2. c4 e6 3. Nf3 b6 4. g3 Bb7 5. Bg2 Be7 6. O-O O-O 7. b3 c5 8. Nc3 d5
9. Ne5 Na6 10. Bb2 Qb8 11. cxd5 cxd4 12. Qxd4 Rd8 13. Qf4 exd5 14. Nb5 Nc5 15.
Bh3 Nce4 16. Rac1 Bc5 17. Nd3 Qxf4 18. gxf4 Bc8 19. Bxc8 Rdxc8 20. b4 Be7 21.
Nc7 Rab8 22. f3 Nd2 23. Rfd1 Nc4 24. Bxf6 Bxf6 25. Nxd5 Bd4+ 26. Kh1 Kf8 27.
Nc5 Bxc5 28. Rxc4 Bf2 29. Rdc1 Rxc4 30. Rxc4 Re8 31. e4 f5 32. a4 a6 33. Kg2 b5
34. Rc6 Bh4 35. Nc7 Re7 36. axb5 axb5 37. e5 Rd7 38. Nxb5 Rd2+ 39. Kh3 Be7 40.
Nd6 Bxd6 41. Rxd6 Rb2 42. Rb6 Rb3 43. Kg3 Rb2 44. Rb7 1-0

[Event "X European Club Cup Gruppo 5"]
[Site "Asiago ITA"]
[Date "1994.08.29"]
[Round "2.2"]
[White "Tsesarsky, Ilya"]
[Black "Razuvaev, Yuri S."]
[Result "1/2-1/2"]
[WhiteElo "2440"]
[BlackElo "2550"]
[PlyCount "143"]
[EventDate "1994.08.28"]

1. Nf3 Nf6 2. c4 e6 3. Nc3 Bb4 4. g3 Bxc3 5. bxc3 b6 6. d3 Bb7 7. e4 d6 8. Bg2
O-O 9. O-O c5 10. Ne1 Ne8 11. Qe2 Nc7 12. f4 f5 13. Nc2 Nc6 14. Bd2 Qd7 15.
Rae1 Rae8 16. Qd1 Na5 17. Ne3 fxe4 18. Bxe4 d5 19. cxd5 exd5 20. Bf3 d4 21. Ng4
Bxf3 22. Qxf3 dxc3 23. Bxc3 Nc6 24. Ne5 Nxe5 25. Bxe5 Nb5 26. Kg2 Nd4 27. Qe4
Rf7 28. Rf2 Nc6 29. a3 Rd8 30. Re3 Re7 31. Rff3 Qd5 32. Qc4 Qxc4 33. dxc4 Rde8
34. a4 Nxe5 35. fxe5 Rxe5 36. Rxe5 Rxe5 37. a5 Re2+ 38. Kh3 Re4 39. axb6 axb6
40. Rb3 Re6 41. Rf3 h6 42. g4 Kh7 43. Kg3 Kg6 44. h3 h5 45. Kh4 hxg4 46. hxg4
Rd6 47. Rf1 Kh6 48. Rf3 g5+ 49. Kg3 Kg6 50. Kh3 Rf6 51. Rd3 Kf7 52. Kg3 Re6 53.
Kf3 Kf6 54. Rd5 Kg6 55. Rd7 Rf6+ 56. Kg3 Rf4 57. Rd6+ Rf6 58. Rd7 Rf4 59. Rd6+
Kf7 60. Rxb6 Rxc4 61. Rc6 Rc1 62. Kf3 Rc4 63. Kg3 Rc3+ 64. Kf2 c4 65. Rc5 Kf6
66. Rf5+ Kg6 67. Rc5 Rc1 68. Rc6+ Kg7 69. Ke3 c3 70. Kd3 Rg1 71. Rxc3 Rxg4 72.
Rc6 1/2-1/2

[Event "X European Club Cup Gruppo 5"]
[Site "Asiago ITA"]
[Date "1994.08.29"]
[Round "2.3"]
[White "Wittmann, Walter"]
[Black "Bleiman, Yaacov"]
[Result "1/2-1/2"]
[WhiteElo "2390"]
[BlackElo "2430"]
[PlyCount "105"]
[EventDate "1994.08.28"]

1. e4 c5 2. Nf3 Nc6 3. d4 cxd4 4. Nxd4 Nf6 5. Nc3 e5 6. Ndb5 d6 7. Bg5 a6 8.
Na3 Be6 9. Nc4 Rc8 10. Bxf6 Qxf6 11. Nb6 Rb8 12. Ncd5 Qd8 13. c3 Be7 14. Be2
O-O 15. O-O Bg5 16. Qd3 g6 17. a4 f5 18. Bf3 Kh8 19. b4 Ne7 20. a5 Nxd5 21.
Nxd5 Qd7 22. Nb6 Qc7 23. Rad1 Rbd8 24. c4 f4 25. Qe2 Bf7 26. Rd3 h5 27. Rfd1
Qc6 28. Qb2 Kh7 29. Qc3 Rfe8 30. h3 Kh6 31. c5 dxc5 32. bxc5 Rxd3 33. Rxd3 Qb5
34. Rd7 Be6 35. Rd6 Bg8 36. c6 bxc6 37. Rxc6 Qb1+ 38. Kh2 Bh4 39. Qd2 Qf1 40.
Rc2 Rd8 41. Nd5 Be6 42. Qe2 Qb1 43. Rc6 Bd7 44. Rxa6 Bb5 45. Rb6 Bxe2 46. Rxb1
Bxf3 47. gxf3 Bxf2 48. a6 Rc8 49. Rb2 Bd4 50. Ra2 Ba7 51. h4 Rc6 52. Kg2 Kg7
53. Ne7 1/2-1/2

[Event "X European Club Cup Gruppo 5"]
[Site "Asiago ITA"]
[Date "1994.08.29"]
[Round "2.4"]
[White "Kraidman, Yair"]
[Black "Fauland, Alexander"]
[Result "1/2-1/2"]
[WhiteElo "2370"]
[BlackElo "2415"]
[PlyCount "118"]
[EventDate "1994.08.28"]

1. d4 Nf6 2. c4 e6 3. Nf3 Bb4+ 4. Nbd2 b6 5. a3 Bxd2+ 6. Bxd2 Bb7 7. e3 O-O 8.
Bd3 Ne4 9. O-O d6 10. Qc2 f5 11. Rfd1 Nd7 12. Be1 Qe8 13. Nd2 Qg6 14. Nxe4 Bxe4
15. Bxe4 fxe4 16. Bc3 Nf6 17. Rf1 Qh6 18. Qe2 Rf7 19. f4 exf3 20. gxf3 Raf8 21.
e4 Nh5 22. Bd2 Nf4 23. Bxf4 Rxf4 24. Rad1 Qh3 25. Rd3 R8f6 26. Rf2 Kf7 27. c5
d5 28. exd5 exd5 29. Qe5 Qf5 30. Qxf5 R6xf5 31. cxb6 cxb6 32. Kg2 Ke6 33. Rc2
Kd6 34. Kg3 h5 35. h4 g5 36. hxg5 h4+ 37. Kf2 Rxg5 38. Rdc3 Rxd4 39. Rc6+ Ke5
40. Re2+ Kf5 41. Rh6 Rg7 42. Rh5+ Kg6 43. Ree5 Rd2+ 44. Ke3 Rxb2 45. Reg5+ Kf7
46. Rxd5 Rb3+ 47. Ke4 Rxa3 48. f4 Ra4+ 49. Kf5 Ke7 50. Rxh4 Ra1 51. Re5+ Kd6
52. Kf6 Rd7 53. f5 Rd1 54. Rc4 Rf7+ 55. Kxf7 Kxe5 56. Rc7 Kxf5 57. Rxa7 b5 58.
Rb7 Rd5 59. Ke7 Ke5 1/2-1/2

[Event "X European Club Cup Gruppo 5"]
[Site "Asiago ITA"]
[Date "1994.08.29"]
[Round "2.5"]
[White "Watzka, Horst"]
[Black "Kaldor, Avraham"]
[Result "1-0"]
[WhiteElo "2340"]
[BlackElo "2255"]
[PlyCount "97"]
[EventDate "1994.08.28"]

1. e4 c5 2. Nf3 e6 3. d4 cxd4 4. Nxd4 a6 5. Bd3 Qc7 6. O-O Nf6 7. Qe2 d6 8. Nc3
b5 9. a4 b4 10. Na2 d5 11. exd5 Nxd5 12. c4 bxc3 13. Nxc3 Nxc3 14. bxc3 Be7 15.
Rb1 Nd7 16. Bd2 Nc5 17. Be4 Ra7 18. Bc6+ Nd7 19. Be4 Nf6 20. Bc6+ Bd7 21. Bxd7+
Qxd7 22. Rb8+ Bd8 23. Be3 Rb7 24. Ra8 Qxa4 25. Rxa6 Qd7 26. Nc6 O-O 27. c4 Qc8
28. Nxd8 Rxd8 29. Bg5 Rc7 30. Bxf6 gxf6 31. Qg4+ Kf8 32. Ra4 Ke7 33. h3 Rg8 34.
Qf3 Qd7 35. Rfa1 Rg5 36. Ra8 Qd6 37. R1a7 Rgc5 38. Rxc7+ Qxc7 39. Qa3 Qd6 40.
g3 f5 41. Qc3 Qe5 42. Qd2 Qc7 43. Qg5+ Kd6 44. Rd8+ Kc6 45. Qg8 Kb6 46. Rb8+
Ka5 47. Rb1 Ka4 48. Qe8+ Qc6 49. Qb8 1-0

[Event "X European Club Cup Gruppo 5"]
[Site "Asiago ITA"]
[Date "1994.08.29"]
[Round "2.6"]
[White "Malachi, Avraham"]
[Black "Felsberger, Alfred"]
[Result "1-0"]
[WhiteElo "2240"]
[BlackElo "2420"]
[PlyCount "63"]
[EventDate "1994.08.28"]

1. e4 c5 2. Nf3 d6 3. d4 cxd4 4. Nxd4 Nf6 5. Nc3 Nc6 6. Bg5 e6 7. Qd2 Be7 8.
Bxf6 Bxf6 9. Ndb5 O-O 10. O-O-O Qa5 11. Nxd6 Rd8 12. f4 e5 13. Qd5 Qc7 14. f5
Nd4 15. Ndb5 Qa5 16. Qc4 Bd7 17. Qc7 b6 18. Nd6 Bg5+ 19. Kb1 Bc6 20. Nc4 Qb4
21. a3 Qf8 22. Qxe5 Bf6 23. Qg3 Nb5 24. Nd5 Bxd5 25. exd5 Qc5 26. d6 Rd7 27.
Bd3 Rad8 28. Rhe1 Nxd6 29. Ne5 Rc7 30. Ng4 Bd4 31. f6 h5 32. Nh6+ 1-0

[Event "X European Club Cup Gruppo 5"]
[Site "Asiago ITA"]
[Date "1994.08.30"]
[Round "3.1"]
[White "Dolmatov, Sergey"]
[Black "Renet, Olivier"]
[Result "1/2-1/2"]
[WhiteElo "2615"]
[BlackElo "2530"]
[PlyCount "105"]
[EventDate "1994.08.28"]

1. e4 c5 2. c3 d5 3. exd5 Qxd5 4. d4 Nf6 5. Nf3 e6 6. Be3 cxd4 7. cxd4 Be7 8.
Nc3 Qd8 9. Bd3 O-O 10. Qc2 Nbd7 11. O-O Nb6 12. Ne5 Bd7 13. Rac1 Rc8 14. Qe2
Bc6 15. Rfd1 Nbd5 16. Bg5 h6 17. Nxc6 bxc6 18. Bd2 Qb6 19. Na4 Qc7 20. Ba6 Rb8
21. a3 Bd6 22. g3 Ne7 23. b4 Qd8 24. Nc5 Bxc5 25. dxc5 Ned5 26. Qe5 Ng4 27. Qd4
Ngf6 28. Bc3 Nxc3 29. Qxd8 Rbxd8 30. Rxd8 Rxd8 31. Rxc3 Nd5 32. Rb3 Rb8 33. Kf1
Kf8 34. Ke2 Ke7 35. Rd3 Nc7 36. Bc4 a5 37. bxa5 Ra8 38. Rd6 Rxa5 39. Rxc6 Kd7
40. Rd6+ Ke7 41. Rd3 Rxc5 42. Bb3 Ra5 43. a4 Na6 44. Rd4 Nc5 45. Bc2 e5 46. Rb4
Kd6 47. Kd2 Kd5 48. Kc3 Ra6 49. Rb5 Rc6 50. a5 Kd6 51. Kb4 Na6+ 52. Kb3 Nc5+
53. Kb4 1/2-1/2

[Event "X European Club Cup Gruppo 5"]
[Site "Asiago ITA"]
[Date "1994.08.30"]
[Round "3.6"]
[White "Lamoureux, Charles"]
[Black "Makarov, Marat"]
[Result "0-1"]
[WhiteElo "2420"]
[BlackElo "2525"]
[PlyCount "78"]
[EventDate "1994.08.28"]

1. e4 c5 2. Nf3 Nc6 3. d4 cxd4 4. Nxd4 Nf6 5. Nc3 d6 6. Bc4 Qb6 7. Nb3 e6 8.
Bf4 Ne5 9. Be2 Bd7 10. O-O Be7 11. Be3 Qc7 12. f4 Nc4 13. Bxc4 Qxc4 14. e5 Ne4
15. Nxe4 Qxe4 16. Qd2 Bc6 17. exd6 Bxd6 18. Rf2 Be7 19. Bd4 O-O 20. Re1 Qd5 21.
Re5 Qd8 22. Qe3 Bf6 23. Rc5 Bd5 24. Bxf6 Qxf6 25. c4 b6 26. cxd5 bxc5 27. dxe6
Rad8 28. h3 Qxe6 29. Qxe6 fxe6 30. Nxc5 Rd6 31. Re2 Rxf4 32. Nxe6 Rf5 33. h4 h6
34. g3 Rfd5 35. Nf4 Rd2 36. Re8+ Kf7 37. Rb8 Rc2 38. Rb7+ Kg8 39. Rb8+ Kh7 0-1